000 00365nam a2200145Ia 4500
008 230917s9999||||xx |||||||||||||| ||und||
040 _e116218
_aMAIN
041 _aEnglish
082 _a658.8 A11M
100 _aAvadhani, V A
245 0 _aMarketing of financial services
260 _aDelhi
_bHimalaya Publishing House
_c2005
300 _a449 p.
942 _cBK
999 _c129864
_d129864